[Event "ÐŸÐµÑ€Ð²ÐµÐ½Ñ�Ñ‚Ð²Ð¾ ÐœÐ¾Ñ�ÐºÐ²Ñ‹ Ð¿Ð¾ Ñ"]
[Site "ÐœÐ¾Ñ�ÐºÐ²Ð°, ÐœÐ“Ð˜ÐœÐž Ð¿Ñ€."]
[Date "2018.11.18"]
[Round "1.1"]
[White "Fleisher, Maya"]
[Black "Minko, Olga"]
[Result "0-1"]
[WhiteElo "1482"]
[BlackElo "1812"]
[PlyCount "38"]
[EventDate "2018.11.18"]

1. d4 d5 2. c4 dxc4 3. e3 Nf6 4. Bxc4 e6 5. Nf3 a6 6. a3 b5 7. Bd3 Bb7 8. b4
Nbd7 9. Nbd2 c5 10. dxc5 Nxc5 11. Bc2 Nd3+ 12. Bxd3 Qxd3 13. Qb3 Qg6 14. O-O
Rd8 15. g3 Qh5 16. Nh4 g5 17. Ng2 Qh3 18. Ne1 Rxd2 19. Bxd2 Ng4 0-1

[Event "ÐŸÐµÑ€Ð²ÐµÐ½Ñ�Ñ‚Ð²Ð¾ ÐœÐ¾Ñ�ÐºÐ²Ñ‹ Ð¿Ð¾ Ñ"]
[Site "ÐœÐ¾Ñ�ÐºÐ²Ð°, ÐœÐ“Ð˜ÐœÐž Ð¿Ñ€."]
[Date "2018.11.18"]
[Round "1.2"]
[White "Esaulova, Marfa"]
[Black "Vyrtosu, Natalia"]
[Result "1/2-1/2"]
[WhiteElo "1885"]
[BlackElo "1894"]
[PlyCount "112"]
[EventDate "2018.11.18"]

1. c4 Nf6 2. Nc3 c6 3. e4 d5 4. cxd5 cxd5 5. e5 Nfd7 6. d4 e6 7. Nf3 Nc6 8. Be2
Bb4 9. O-O O-O 10. Qd3 f6 11. exf6 Nxf6 12. Bg5 Qb6 13. Bd1 Bd7 14. Bc2 Be8 15.
Qe3 Ne7 16. Rfe1 Bf7 17. Ne5 Be8 18. Rad1 Kh8 19. Qh3 Neg8 20. Bg6 h6 21. Bxe8
Rfxe8 22. Nf7+ Kh7 23. Qd3+ g6 24. Qh3 Bf8 25. Bxf6 Nxf6 26. Ng5+ Kg8 27. Nxe6
Qxb2 28. Nxf8 Kxf8 29. Qxh6+ Kf7 30. Qc1 Qb4 31. a3 Qb6 32. Qb1 Qc7 33. Qb3 Qc6
34. Re5 Red8 35. Rde1 Rd7 36. h3 Rc8 37. R1e3 a6 38. Qb4 Rcc7 39. Qb3 Rd6 40.
g4 Qc4 41. Qxc4 dxc4 42. g5 Nh7 43. Rf3+ Kg7 44. d5 Rcd7 45. Kf1 b5 46. Ke2 a5
47. Nxb5 Rxd5 48. Rxd5 Rxd5 49. Nc7 Re5+ 50. Kd2 Re7 51. Nb5 Re5 52. Nd4 Kg8
53. Kc3 Rxg5 54. Kxc4 Kg7 55. Rg3 Rh5 56. Nc6 Kh6 1/2-1/2

[Event "ÐŸÐµÑ€Ð²ÐµÐ½Ñ�Ñ‚Ð²Ð¾ ÐœÐ¾Ñ�ÐºÐ²Ñ‹ Ð¿Ð¾ Ñ"]
[Site "ÐœÐ¾Ñ�ÐºÐ²Ð°, ÐœÐ“Ð˜ÐœÐž Ð¿Ñ€."]
[Date "2018.11.18"]
[Round "1.3"]
[White "Glukhova, Varvara"]
[Black "Zotova, Anastasia"]
[Result "0-1"]
[WhiteElo "1364"]
[BlackElo "2046"]
[PlyCount "78"]
[EventDate "2018.11.18"]

1. d4 Nf6 2. Bf4 g6 3. Nd2 d5 4. Ngf3 Bg7 5. h3 O-O 6. e3 Nbd7 7. c4 c5 8. Be2
b6 9. Rb1 Bb7 10. O-O cxd4 11. exd4 dxc4 12. Bxc4 Nd5 13. Bxd5 Bxd5 14. b3 Rc8
15. Rc1 Nf6 16. Re1 Qd7 17. Qe2 e6 18. Qe3 Ba8 19. Be5 Nd5 20. Qd3 Nb4 21. Qb1
Bxe5 22. Rxc8 Rxc8 23. Rxe5 Kg7 24. Re2 Nd5 25. Qb2 Nc3 26. Re1 b5 27. b4 Bd5
28. a3 Qc7 29. Qa1 Qf4 30. Re3 Bxf3 31. Rxc3 Qxd4 32. Rc1 Qxa1 33. Rxa1 Bd5 34.
Rd1 Rc3 35. Ra1 f5 36. Nf1 f4 37. Nh2 h5 38. f3 Kf6 39. a4 a6 0-1

[Event "ÐŸÐµÑ€Ð²ÐµÐ½Ñ�Ñ‚Ð²Ð¾ ÐœÐ¾Ñ�ÐºÐ²Ñ‹ Ð¿Ð¾ Ñ"]
[Site "ÐœÐ¾Ñ�ÐºÐ²Ð°, ÐœÐ“Ð˜ÐœÐž Ð¿Ñ€."]
[Date "2018.11.18"]
[Round "1.4"]
[White "Kozyreva, Alexandra"]
[Black "Aleksandrova, Elizaveta"]
[Result "0-1"]
[WhiteElo "1415"]
[BlackElo "1611"]
[PlyCount "118"]
[EventDate "2018.11.18"]

1. e4 c5 2. Nc3 Nc6 3. Bb5 g6 4. Nf3 Bg7 5. d3 e6 6. Be3 Nd4 7. Bc4 Ne7 8. Bb3
O-O 9. Bg5 Qe8 10. Nxd4 cxd4 11. Ne2 Nc6 12. Qd2 d6 13. Ng3 f6 14. Bh6 Qe7 15.
Bxg7 Kxg7 16. f4 f5 17. O-O-O e5 18. fxe5 dxe5 19. exf5 Bxf5 20. h4 h5 21.
Nxf5+ Rxf5 22. Rdg1 Raf8 23. Qd1 Rf4 24. g4 hxg4 25. Rxg4 Qf6 26. h5 Rxg4 27.
Qxg4 Qf4+ 28. Qxf4 exf4 29. Rg1 f3 30. Rxg6+ Kh7 31. Rg1 Kh6 32. Kd1 Kxh5 33.
Rf1 Kg4 34. Ke1 Re8+ 35. Kd1 Kg3 36. Bd5 Re3 37. Re1 Ne5 38. Bxb7 Ng4 39. Bxf3
Kxf3 40. Rf1+ Nf2+ 41. Kc1 Kg2 42. Rxf2+ Kxf2 43. b4 Re7 44. Kb2 Ke2 45. c3
Kxd3 46. cxd4 Kxd4 47. Kb3 Rb7 48. a4 Kd3 49. a5 a6 50. Ka3 Kc4 51. Kb2 Rxb4+
52. Kc2 Ra4 53. Kb2 Rxa5 54. Kc2 Ra2+ 55. Kb1 Kb3 56. Kc1 Rb2 57. Kd1 a5 58.
Kc1 a4 59. Kd1 a3 0-1

[Event "ÐŸÐµÑ€Ð²ÐµÐ½Ñ�Ñ‚Ð²Ð¾ ÐœÐ¾Ñ�ÐºÐ²Ñ‹ Ð¿Ð¾ Ñ"]
[Site "ÐœÐ¾Ñ�ÐºÐ²Ð°, ÐœÐ“Ð˜ÐœÐž Ð¿Ñ€."]
[Date "2018.11.18"]
[Round "1.5"]
[White "Bondareva, Daria"]
[Black "Badzgaradze, Elena"]
[Result "1-0"]
[WhiteElo "1979"]
[BlackElo "1789"]
[PlyCount "170"]
[EventDate "2018.11.18"]

1. e4 c6 2. d4 d5 3. exd5 cxd5 4. Bd3 Nc6 5. c3 Nf6 6. Bf4 Bg4 7. Qb3 Qc8 8. h3
Bh5 9. Nd2 e6 10. Ngf3 Bg6 11. Bxg6 hxg6 12. Ne5 Be7 13. O-O Nd7 14. Ndf3 Ndxe5
15. Nxe5 Nxe5 16. Bxe5 Bf6 17. Bg3 Qc6 18. Rac1 b5 19. Ra1 O-O 20. a4 a6 21.
Qb4 Rfd8 22. Ra3 Qd7 23. Ra2 Be7 24. Qb3 Qb7 25. axb5 axb5 26. Rfa1 Rxa2 27.
Qxa2 Kh7 28. Qa6 Rd7 29. Qxb7 Rxb7 30. b4 g5 31. Kf1 Kg6 32. Ke2 f5 33. Be5 Kf7
34. Ra6 Bf8 35. Kd3 Be7 36. g3 g6 37. Ra8 Bf8 38. Rc8 Bg7 39. Bd6 Bf6 40. Bc5
Bg7 41. Ra8 Bh6 42. Bd6 Bg7 43. Rc8 Bh6 44. Be5 Bf8 45. Rc6 Be7 46. Ra6 Bf8 47.
Ra8 Bg7 48. Bd6 Bh6 49. g4 Bg7 50. f4 gxf4 51. Bxf4 fxg4 52. hxg4 Bf6 53. g5
Bg7 54. Bd6 Rd7 55. Bc5 Rb7 56. Rd8 e5 57. Rxd5 exd4 58. cxd4 Ke6 59. Ke4 Kf7
60. Rd8 Ke6 61. d5+ Kf7 62. d6 Ke6 63. Rc8 Rd7 64. Rc7 Rxc7 65. dxc7 Kd7 66.
Kd5 Kxc7 67. Ke6 Bc3 68. Kf7 Kd7 69. Kxg6 Ke8 70. Kh7 Kf7 71. g6+ Ke6 72. g7
Bxg7 73. Kxg7 Kd7 74. Kf7 Kd8 75. Ke6 Kc7 76. Kd5 Kb7 77. Kd6 Ka6 78. Kd7 Kb7
79. Be7 Kb6 80. Bd8+ Kb7 81. Ba5 Ka7 82. Kc7 Ka6 83. Kc6 Ka7 84. Kxb5 Kb7 85.
Kc5 Ka6 1-0

[Event "?"]
[Site "ÐœÐ¾Ñ�ÐºÐ²Ð°, ÐœÐ“Ð˜ÐœÐž Ð¿Ñ€."]
[Date "2018.11.19"]
[Round "2.1"]
[White "Minko, Olga"]
[Black "Badzgaradze, Elena"]
[Result "0-1"]
[WhiteElo "1812"]
[BlackElo "1789"]
[PlyCount "71"]
[EventDate "2018.11.18"]

1. e4 c6 2. d4 d5 3. exd5 cxd5 4. Nf3 Nc6 5. Bb5 Bd7 6. c3 a6 7. Bd3 g6 8. Qb3
e6 9. Bf4 Na5 10. Qd1 Bg7 11. Nbd2 Ne7 12. Qe2 Rc8 13. O-O f6 14. Rae1 O-O 15.
c4 Re8 16. b4 Nxc4 17. Bxc4 dxc4 18. Nxc4 Rxc4 19. Qxc4 Nd5 20. Bg3 Bb5 21. Qb3
Bxf1 22. Rxf1 Qb6 23. a3 Rc8 24. Re1 Kf7 25. Qa4 Qc6 26. Qa5 b5 27. Nd2 Nb6 28.
h3 Bh6 29. Ne4 Nc4 30. Nd6+ Nxd6 31. Bxd6 Qxd6 32. a4 Bd2 33. Rb1 bxa4 34. Qxa4
Bxb4 35. g3 f5 36. Rd1 0-1

[Event "ÐŸÐµÑ€Ð²ÐµÐ½Ñ�Ñ‚Ð²Ð¾ ÐœÐ¾Ñ�ÐºÐ²Ñ‹ Ð¿Ð¾ Ñ"]
[Site "ÐœÐ¾Ñ�ÐºÐ²Ð°, ÐœÐ“Ð˜ÐœÐž Ð¿Ñ€."]
[Date "2018.11.19"]
[Round "2.2"]
[White "Aleksandrova, Elizaveta"]
[Black "Bondareva, Daria"]
[Result "0-1"]
[WhiteElo "1611"]
[BlackElo "1979"]
[PlyCount "51"]
[EventDate "2018.11.18"]

1. e4 e5 2. Nf3 Nc6 3. Bb5 a6 4. Ba4 Nf6 5. O-O Be7 6. Re1 b5 7. Bb3 O-O 8. c3
d5 9. exd5 Nxd5 10. Nxe5 Nxe5 11. Rxe5 Bb7 12. d4 Bf6 13. Rh5 g6 14. Rh3 Re8
15. Na3 c5 16. Be3 c4 17. Nxc4 bxc4 18. Bxc4 Bc8 19. Bxd5 Qxd5 20. Qf3 Bb7 21.
Qxd5 Bxd5 22. b3 h5 23. Re1 Bg5 24. Kf1 Bf6 25. Bd2 Rxe1+ 26. Bxe1 0-1

[Event "ÐŸÐµÑ€Ð²ÐµÐ½Ñ�Ñ‚Ð²Ð¾ ÐœÐ¾Ñ�ÐºÐ²Ñ‹ Ð¿Ð¾ Ñ"]
[Site "ÐœÐ¾Ñ�ÐºÐ²Ð°, ÐœÐ“Ð˜ÐœÐž Ð¿Ñ€."]
[Date "2018.11.19"]
[Round "2.3"]
[White "Zotova, Anastasia"]
[Black "Kozyreva, Alexandra"]
[Result "1-0"]
[WhiteElo "2046"]
[BlackElo "1415"]
[PlyCount "114"]
[EventDate "2018.11.18"]

1. e4 c6 2. d4 d5 3. Nc3 a6 4. h4 e6 5. e5 c5 6. Nge2 Nc6 7. f4 b5 8. a3 Nh6 9.
Be3 Nf5 10. Bf2 cxd4 11. Nxd4 Nfxd4 12. Bxd4 Qc7 13. Bf2 Bb7 14. Bd3 Na5 15.
Rh3 Nc4 16. Qc1 h5 17. Ne2 g6 18. b3 Nb6 19. Nd4 Nd7 20. b4 Bh6 21. Be3 Nb6 22.
Nb3 Nc4 23. Nc5 Qc6 24. Bd4 Nb6 25. Qe3 Nd7 26. Nb3 Qc7 27. Rd1 Nb8 28. Qg3 Nc6
29. Bb2 Ne7 30. Nc5 Qc6 31. Qf3 Bg7 32. g4 Qc7 33. gxh5 Rxh5 34. Bxg6 fxg6 35.
Nxe6 Qxc2 36. Nxg7+ Kd7 37. Nxh5 gxh5 38. Bd4 Nf5 39. Bc5 Rg8 40. Rd2 Qb1+ 41.
Ke2 Kc8 42. Qd3 Rg2+ 43. Bf2 Qxd3+ 44. Kxd3 Rg4 45. Be3 d4 46. Bxd4 Rxf4 47.
Be3 Rg4 48. Bg5 Bd5 49. Kc3 Bc4 50. Rf3 Be6 51. Rd8+ Kc7 52. Rf8 Rc4+ 53. Kb2
Nd4 54. Rc3 Kd7 55. Rxc4 bxc4 56. Rd8+ Kc6 57. Rxd4 Kb5 1-0

[Event "ÐŸÐµÑ€Ð²ÐµÐ½Ñ�Ñ‚Ð²Ð¾ ÐœÐ¾Ñ�ÐºÐ²Ñ‹ Ð¿Ð¾ Ñ"]
[Site "ÐœÐ¾Ñ�ÐºÐ²Ð°, ÐœÐ“Ð˜ÐœÐž Ð¿Ñ€."]
[Date "2018.11.19"]
[Round "2.4"]
[White "Vyrtosu, Natalia"]
[Black "Glukhova, Varvara"]
[Result "1-0"]
[WhiteElo "1894"]
[BlackElo "1364"]
[PlyCount "45"]
[EventDate "2018.11.18"]

1. d4 e6 2. Bf4 Nf6 3. e3 d5 4. Nd2 Be7 5. Bd3 Nbd7 6. Ngf3 c5 7. c3 h6 8. h3
b6 9. O-O O-O 10. Ne5 Bb7 11. Qf3 Nh7 12. g4 f5 13. Ng6 Rf7 14. Qg2 Bg5 15.
gxf5 exf5 16. Nf3 Bxf4 17. exf4 Bc8 18. Kh2 Rf6 19. Rae1 Ndf8 20. Ne7+ Kh8 21.
Rg1 Rf7 22. Ne5 Rxe7 23. Nc6 1-0

[Event "ÐŸÐµÑ€Ð²ÐµÐ½Ñ�Ñ‚Ð²Ð¾ ÐœÐ¾Ñ�ÐºÐ²Ñ‹ Ð¿Ð¾ Ñ"]
[Site "ÐœÐ¾Ñ�ÐºÐ²Ð°, ÐœÐ“Ð˜ÐœÐž Ð¿Ñ€."]
[Date "2018.11.19"]
[Round "2.5"]
[White "Fleisher, Maiya"]
[Black "Esaulova, Marfa"]
[Result "1/2-1/2"]
[WhiteElo "1482"]
[BlackElo "1885"]
[PlyCount "104"]
[EventDate "2018.11.18"]

1. d4 Nf6 2. c4 g6 3. Nf3 Bg7 4. g3 O-O 5. Bg2 d5 6. b3 dxc4 7. bxc4 c5 8. e3
Nc6 9. Bb2 Bg4 10. d5 Qb6 11. Qb3 Nb4 12. O-O Bf5 13. Nbd2 Bd3 14. Rfc1 Bf5 15.
Ne1 Rfd8 16. e4 Bd7 17. a3 Na6 18. Qxb6 axb6 19. Rab1 Bh6 20. f4 Ng4 21. Bc3 b5
22. cxb5 Nc7 23. b6 Nb5 24. Bb2 Rdc8 25. Nd3 Nxa3 26. Ra1 Nb5 27. Nxc5 Rxa1 28.
Bxa1 Be8 29. Ndb3 Rb8 30. Bh3 f5 31. Bxg4 fxg4 32. Be5 Nd6 33. Kf2 Bg7 34. Bxg7
Kxg7 35. e5 Nc8 36. Na5 Nxb6 37. d6 exd6 38. exd6 Kf6 39. Naxb7 Ra8 40. Rc2 h5
41. Rd2 Nd7 42. Re2 Nxc5 43. Nxc5 Rd8 44. Rd2 Bb5 45. Nb7 Rd7 46. Nc5 Rd8 47.
Ke3 Bc6 48. d7 Ke7 49. Rd4 Bxd7 50. Nxd7 Rxd7 51. Rxd7+ Kxd7 52. Kd3 Ke7
1/2-1/2

[Event "ÐŸÐµÑ€Ð²ÐµÐ½Ñ�Ñ‚Ð²Ð¾ ÐœÐ¾Ñ�ÐºÐ²Ñ‹ Ð¿Ð¾ Ñ"]
[Site "ÐœÐ¾Ñ�ÐºÐ²Ð°, ÐœÐ“Ð˜ÐœÐž Ð¿Ñ€."]
[Date "2018.11.19"]
[Round "3.1"]
[White "Esaulova, Marfa"]
[Black "Minko, Olga"]
[Result "1-0"]
[WhiteElo "1885"]
[BlackElo "1812"]
[PlyCount "103"]
[EventDate "2018.11.18"]

1. c4 e6 2. g3 d5 3. Bg2 Nf6 4. Nf3 dxc4 5. Qa4+ Nbd7 6. Qxc4 a6 7. O-O b5 8.
Qc2 Bb7 9. d3 c5 10. a4 b4 11. Nbd2 Rc8 12. b3 Bd6 13. Nc4 Bb8 14. Bb2 O-O 15.
Rfd1 Qe7 16. Nfd2 Bxg2 17. Kxg2 Rfd8 18. Rac1 h6 19. Nf3 e5 20. Nfd2 Nd5 21.
Nf1 Qg5 22. e3 h5 23. h4 Qe7 24. Qe2 N5f6 25. e4 Ng4 26. f3 Ngf6 27. Nfe3 Qe6
28. Rc2 g6 29. Rdc1 Bc7 30. Rf1 Re8 31. g4 hxg4 32. fxg4 Kh7 33. Qf3 Rf8 34.
Bc1 Bd8 35. Rcf2 Kg8 36. Qg3 Rc7 37. Bb2 Re8 38. Qf3 Rf8 39. g5 Nh5 40. Nd5 Rc8
41. Qh3 Qc6 42. Qg4 a5 43. Nxe5 Nxe5 44. Bxe5 Ra8 45. Bb2 Ra7 46. Nf6+ Bxf6 47.
gxf6 Rd7 48. Rf5 Rxd3 49. Rxh5 Rd2+ 50. Rf2 Qd6 51. Qxg6+ fxg6 52. f7+ 1-0

[Event "ÐŸÐµÑ€Ð²ÐµÐ½Ñ�Ñ‚Ð²Ð¾ ÐœÐ¾Ñ�ÐºÐ²Ñ‹ Ð¿Ð¾ Ñ"]
[Site "ÐœÐ¾Ñ�ÐºÐ²Ð°, ÐœÐ“Ð˜ÐœÐž Ð¿Ñ€."]
[Date "2018.11.19"]
[Round "3.2"]
[White "Glukhova, Varvara"]
[Black "Fleisher, Maiya"]
[Result "0-1"]
[WhiteElo "1364"]
[BlackElo "1482"]
[PlyCount "50"]
[EventDate "2018.11.18"]

1. d4 d5 2. c4 e6 3. Bf4 Nf6 4. e3 c5 5. Nf3 Nc6 6. h3 Be7 7. Nc3 O-O 8. Ne5 a6
9. b3 Qa5 10. Qd2 cxd4 11. Nxc6 bxc6 12. Qxd4 Ne4 13. Rc1 Nxc3 14. Rxc3 Bb4 15.
Kd2 Qxa2+ 16. Kd3 Qb1+ 17. Kd2 c5 18. Qd3 Qxb3 19. Bd6 dxc4 20. Qxc4 Bxc3+ 21.
Qxc3 Qd5+ 22. Qd3 Qxd3+ 23. Bxd3 Rd8 24. Bxc5 Bb7 25. e4 Bxe4 0-1

[Event "ÐŸÐµÑ€Ð²ÐµÐ½Ñ�Ñ‚Ð²Ð¾ ÐœÐ¾Ñ�ÐºÐ²Ñ‹ Ð¿Ð¾ Ñ"]
[Site "ÐœÐ¾Ñ�ÐºÐ²Ð°, ÐœÐ“Ð˜ÐœÐž Ð¿Ñ€."]
[Date "2018.11.19"]
[Round "3.3"]
[White "Kozyreva, Alexandra"]
[Black "Vyrtosu, Natalia"]
[Result "0-1"]
[WhiteElo "1415"]
[BlackElo "1894"]
[PlyCount "70"]
[EventDate "2018.11.18"]

1. e4 c6 2. d4 d5 3. Bd3 dxe4 4. Bxe4 Nf6 5. Bf3 g6 6. Ne2 Bg7 7. Be3 h6 8. c3
g5 9. h3 Bf5 10. Ng3 Bg6 11. Be2 Qd5 12. O-O O-O 13. Bd3 e6 14. Be2 Nbd7 15.
Nd2 Qd6 16. Nb3 Nd5 17. Bd2 b5 18. Bh5 Bh7 19. Bf3 f5 20. Re1 e5 21. dxe5 Nxe5
22. Nd4 Nd3 23. Re6 Qd7 24. Re2 Nxb2 25. Qb3 Bxd4 26. cxd4 Nc4 27. Bc3 Bg6 28.
Rae1 Rae8 29. Bxd5+ Qxd5 30. Qc2 Rxe2 31. Rxe2 Qd6 32. Qb3 Qd5 33. a4 Nb6 34.
Qxd5+ Nxd5 35. axb5 Nxc3 0-1

[Event "ÐŸÐµÑ€Ð²ÐµÐ½Ñ�Ñ‚Ð²Ð¾ ÐœÐ¾Ñ�ÐºÐ²Ñ‹ Ð¿Ð¾ Ñ"]
[Site "ÐœÐ¾Ñ�ÐºÐ²Ð°, ÐœÐ“Ð˜ÐœÐž Ð¿Ñ€."]
[Date "2018.11.19"]
[Round "3.4"]
[White "Bondareva, Daria"]
[Black "Zotova, Anastasia"]
[Result "1/2-1/2"]
[WhiteElo "1979"]
[BlackElo "2046"]
[PlyCount "70"]
[EventDate "2018.11.18"]

1. e4 c5 2. Nf3 d6 3. d4 cxd4 4. Nxd4 Nf6 5. Nc3 a6 6. Be2 e5 7. Nb3 Be6 8. O-O
Be7 9. Be3 Nbd7 10. f3 b5 11. a3 O-O 12. f4 Rc8 13. f5 Bc4 14. Bxc4 bxc4 15.
Nd2 Nb6 16. Qf3 d5 17. exd5 Nbxd5 18. Nxd5 Qxd5 19. Bg5 Qxf3 20. Rxf3 Bc5+ 21.
Kh1 Ng4 22. Ne4 f6 23. h3 fxg5 24. hxg4 Be7 25. Re1 Rcd8 26. Rf2 Rd4 27. c3 Rd3
28. g3 Rfd8 29. Kg2 R8d5 30. Ree2 Bc5 31. Rf1 Be7 32. Rff2 Bc5 33. Rf1 Be7 34.
Rff2 Bc5 35. Rf1 Be7 1/2-1/2

[Event "ÐŸÐµÑ€Ð²ÐµÐ½Ñ�Ñ‚Ð²Ð¾ ÐœÐ¾Ñ�ÐºÐ²Ñ‹ Ð¿Ð¾ Ñ"]
[Site "ÐœÐ¾Ñ�ÐºÐ²Ð°, ÐœÐ“Ð˜ÐœÐž Ð¿Ñ€."]
[Date "2018.11.19"]
[Round "3.5"]
[White "Badzgaradze, Elena"]
[Black "Aleksandrova, Elizaveta"]
[Result "1/2-1/2"]
[WhiteElo "1789"]
[BlackElo "1611"]
[PlyCount "124"]
[EventDate "2018.11.18"]

1. d4 Nf6 2. c4 g6 3. Nc3 Bg7 4. Nf3 O-O 5. g3 d6 6. Bg2 Nbd7 7. O-O e5 8. e4
h6 9. h3 c6 10. Be3 Qe7 11. Re1 Nb6 12. b3 Nh7 13. Qd2 g5 14. Rad1 Qf6 15. g4
Re8 16. Ne2 Nf8 17. Ng3 Ng6 18. Nh5 Qe7 19. Nxg7 Kxg7 20. dxe5 dxe5 21. Qd6
Qxd6 22. Rxd6 Be6 23. Red1 Nc8 24. Rd8 Nb6 25. R8d2 Nc8 26. Ne1 a5 27. Nd3 b6
28. Nb2 b5 29. cxb5 cxb5 30. Bf1 Rb8 31. Nd3 Nce7 32. Nc5 Bc8 33. Rd8 Rxd8 34.
Rxd8 Nc6 35. Rd2 Nf4 36. Bxf4 gxf4 37. Rd6 Nd4 38. Rd8 f6 39. Nd7 Rb7 40. Nxe5
fxe5 41. Rxc8 a4 42. b4 Kf6 43. Kg2 Kg5 44. f3 Kf6 45. Kf2 Kg5 46. Rg8+ Kf6 47.
Rc8 Kg5 48. Rc5 Kf6 49. h4 Ke6 50. Bh3 Kf6 51. g5+ hxg5 52. hxg5+ Kxg5 53.
Rxe5+ Kg6 54. Rc5 a3 55. Bf1 Kf6 56. Rc3 Ra7 57. Rc5 Ra4 58. Bxb5 Rxb4 59. Bc4
Rb2+ 60. Kf1 Nxf3 61. Rf5+ Ke7 62. Bd5 Rh2 1/2-1/2

[Event "ÐŸÐµÑ€Ð²ÐµÐ½Ñ�Ñ‚Ð²Ð¾ ÐœÐ¾Ñ�ÐºÐ²Ñ‹ Ð¿Ð¾ Ñ"]
[Site "ÐœÐ¾Ñ�ÐºÐ²Ð°, ÐœÐ“Ð˜ÐœÐž Ð¿Ñ€."]
[Date "2018.11.20"]
[Round "4.1"]
[White "Minko, Olga"]
[Black "Aleksandrova, Elizaveta"]
[Result "1/2-1/2"]
[WhiteElo "1812"]
[BlackElo "1611"]
[PlyCount "95"]
[EventDate "2018.11.18"]

1. e4 c5 2. Nf3 Nc6 3. d4 cxd4 4. Nxd4 Nf6 5. Nc3 e5 6. Ndb5 d6 7. a4 a6 8. Na3
Be7 9. Bg5 O-O 10. Bxf6 Bxf6 11. Bc4 Be6 12. O-O Nd4 13. Nd5 Bg5 14. c3 Nc6 15.
Qe2 Ne7 16. Rad1 Nxd5 17. Bxd5 Qe7 18. Nc4 Rad8 19. a5 f5 20. exf5 Rxf5 21. Nb6
Rf6 22. Qe4 Rb8 23. c4 Rf4 24. Qc2 Rh4 25. Qc3 Bxd5 26. Nxd5 Qe6 27. Rd3 Rc8
28. b3 Rf8 29. Rf3 Rc8 30. Rd1 Rh6 31. Rg3 Bh4 32. Rf3 e4 33. Re3 Rf8 34. Re2
Qf5 35. Qe3 Qe5 36. g3 Bg5 37. Qxe4 Qxe4 38. Rxe4 Bd8 39. b4 Rh5 40. Nf4 Rh6
41. Red4 g5 42. Nd5 Re6 43. Ne3 Bc7 44. Rg4 Bd8 45. Rd2 Bf6 46. Nd5 Bd8 47. Ne3
Bf6 48. Nd5 1/2-1/2

[Event "ÐŸÐµÑ€Ð²ÐµÐ½Ñ�Ñ‚Ð²Ð¾ ÐœÐ¾Ñ�ÐºÐ²Ñ‹ Ð¿Ð¾ Ñ"]
[Site "ÐœÐ¾Ñ�ÐºÐ²Ð°, ÐœÐ“Ð˜ÐœÐž Ð¿Ñ€."]
[Date "2018.11.20"]
[Round "4.2"]
[White "Zotova, Anastasia"]
[Black "Badzgaradze, Elena"]
[Result "1-0"]
[WhiteElo "2046"]
[BlackElo "1789"]
[PlyCount "133"]
[EventDate "2018.11.18"]

1. e4 e5 2. Nf3 Nc6 3. d4 exd4 4. Nxd4 Bc5 5. Nxc6 bxc6 6. Bd3 Qh4 7. O-O Nf6
8. h3 d5 9. e5 Nh5 10. Qf3 g5 11. Bf5 O-O 12. Bxc8 Raxc8 13. Kh2 Ng7 14. Nc3
Bd4 15. g3 Qh6 16. Qg4 Bxe5 17. Bxg5 Qh5 18. Qxh5 Nxh5 19. Na4 f6 20. Be3 Rfe8
21. Bc5 Ng7 22. Rae1 Ne6 23. b3 Nxc5 24. Nxc5 Kf7 25. Kg2 Bc3 26. Rxe8 Rxe8 27.
Kf3 Re7 28. Rd1 Re8 29. Na6 Be5 30. Re1 Rc8 31. Re3 Bd4 32. Rd3 Be5 33. Nb4 Ke6
34. Nxc6 Ra8 35. Nb4 Rd8 36. c4 d4 37. Nc6 Rd6 38. Nxa7 c5 39. Nb5 Rd8 40. a3
Rc8 41. Ke2 f5 42. f4 Bg7 43. Kf3 h5 44. g4 hxg4+ 45. hxg4 fxg4+ 46. Kxg4 Bf6
47. Kf3 Ke7 48. Ke4 Rc6 49. Kd5 Rc8 50. b4 cxb4 51. axb4 Rd8+ 52. Ke4 Rb8 53.
Nxd4 Bxd4 54. Kxd4 Rxb4 55. Kc5 Rb1 56. Kc6 Rc1 57. c5 Ke6 58. Kb6 Kf5 59. Rd4
Rb1+ 60. Kc7 Ke6 61. c6 Rc1 62. Kb7 Ke7 63. c7 Rb1+ 64. Kc8 Rb5 65. Re4+ Kf7
66. Kd7 Rd5+ 67. Kc6 1-0

[Event "ÐŸÐµÑ€Ð²ÐµÐ½Ñ�Ñ‚Ð²Ð¾ ÐœÐ¾Ñ�ÐºÐ²Ñ‹ Ð¿Ð¾ Ñ"]
[Site "ÐœÐ¾Ñ�ÐºÐ²Ð°, ÐœÐ“Ð˜ÐœÐž Ð¿Ñ€."]
[Date "2018.11.20"]
[Round "4.3"]
[White "Vyrtosu, Natalia"]
[Black "Bondareva, Daria"]
[Result "1/2-1/2"]
[WhiteElo "1894"]
[BlackElo "1979"]
[PlyCount "78"]
[EventDate "2018.11.18"]

1. d4 Nf6 2. Bf4 e6 3. Nf3 b6 4. e3 Bb7 5. Nbd2 c5 6. Bd3 Nh5 7. Bg5 Be7 8. h4
h6 9. g4 hxg5 10. hxg5 cxd4 11. exd4 Bxg5 12. Rxh5 Rxh5 13. gxh5 Bxd2+ 14. Nxd2
Qh4 15. c3 Ke7 16. Nf1 d6 17. Ng3 Nd7 18. Qe2 Qf4 19. Qe3 Qxe3+ 20. fxe3 Nf6
21. Kd2 Rh8 22. Be2 Rh6 23. Rf1 g6 24. hxg6 Rxg6 25. Nh5 Nxh5 26. Bxh5 Rg2+ 27.
Ke1 f5 28. Rf2 Rg1+ 29. Rf1 Rg3 30. Kd2 Rg2+ 31. Be2 Kf6 32. b3 Be4 33. Ke1 Bb1
34. a3 Ba2 35. Bd1 Bb1 36. Rf2 Rg1+ 37. Rf1 Rg2 38. Rf2 Rg1+ 39. Rf1 Rg2
1/2-1/2

[Event "ÐŸÐµÑ€Ð²ÐµÐ½Ñ�Ñ‚Ð²Ð¾ ÐœÐ¾Ñ�ÐºÐ²Ñ‹ Ð¿Ð¾ Ñ"]
[Site "ÐœÐ¾Ñ�ÐºÐ²Ð°, ÐœÐ“Ð˜ÐœÐž Ð¿Ñ€."]
[Date "2018.11.20"]
[Round "4.5"]
[White "Esaulova, Marfa"]
[Black "Glukhova, Varvara"]
[Result "1-0"]
[WhiteElo "1885"]
[BlackElo "1364"]
[PlyCount "45"]
[EventDate "2018.11.18"]

1. c4 e6 2. Nf3 Nf6 3. e3 d5 4. b3 g6 5. Be2 Bg7 6. Bb2 O-O 7. O-O b6 8. d4
Nbd7 9. Qc2 c5 10. Rd1 Qc7 11. dxc5 Nxc5 12. Be5 Qe7 13. Nc3 Bb7 14. Qb2 Ncd7
15. Bxf6 Qxf6 16. Rac1 Rad8 17. cxd5 Bxd5 18. Qa3 Bxf3 19. Bxf3 a5 20. Ne4 Qb2
21. Qxb2 Bxb2 22. Rc7 Be5 23. Rd2 1-0

[Event "ÐŸÐµÑ€Ð²ÐµÐ½Ñ�Ñ‚Ð²Ð¾ ÐœÐ¾Ñ�ÐºÐ²Ñ‹ Ð¿Ð¾ Ñ"]
[Site "ÐœÐ¾Ñ�ÐºÐ²Ð°, ÐœÐ“Ð˜ÐœÐž Ð¿Ñ€."]
[Date "2018.11.21"]
[Round "5.1"]
[White "Glukhova, Varvara"]
[Black "Minko, Olga"]
[Result "0-1"]
[WhiteElo "1364"]
[BlackElo "1812"]
[PlyCount "62"]
[EventDate "2018.11.18"]

1. Nf3 d5 2. g3 Nf6 3. Bg2 e6 4. d4 c5 5. e3 Nc6 6. b3 Bd6 7. Bb2 O-O 8. O-O
Re8 9. Nbd2 e5 10. c4 cxd4 11. cxd5 Nxd5 12. exd4 e4 13. Nxe4 Rxe4 14. Ne1 Ne3
15. fxe3 Rxe3 16. Nc2 Re8 17. Qf3 f6 18. Rae1 Ne7 19. a3 Rb8 20. Ne3 Bd7 21.
Rf2 Nf5 22. Rff1 Nxe3 23. Rxe3 Bc6 24. d5 Bc5 25. Rfe1 Rxe3 26. Rxe3 Bxe3+ 27.
Qxe3 Bxd5 28. Qxa7 Bxg2 29. Kxg2 Qd5+ 30. Kf2 Rd8 31. Bc1 Qxb3 0-1

[Event "ÐŸÐµÑ€Ð²ÐµÐ½Ñ�Ñ‚Ð²Ð¾ ÐœÐ¾Ñ�ÐºÐ²Ñ‹ Ð¿Ð¾ Ñ"]
[Site "ÐœÐ¾Ñ�ÐºÐ²Ð°, ÐœÐ“Ð˜ÐœÐž Ð¿Ñ€."]
[Date "2018.11.21"]
[Round "5.3"]
[White "Bondareva, Daria"]
[Black "Fleisher, Maiya"]
[Result "1-0"]
[WhiteElo "1979"]
[BlackElo "1482"]
[PlyCount "61"]
[EventDate "2018.11.18"]

1. e4 e5 2. Nf3 Nc6 3. Bc4 Be7 4. O-O Nf6 5. Re1 O-O 6. d4 exd4 7. e5 Ne8 8.
Nxd4 d5 9. Nxc6 bxc6 10. Bb3 Bg5 11. f4 Bh4 12. g3 Be7 13. Be3 g6 14. c3 Ng7
15. Nd2 Nf5 16. Bf2 d4 17. Nf3 dxc3 18. bxc3 c5 19. Qe2 Ng7 20. Rad1 Qe8 21.
Nd2 a5 22. Bd5 Ba6 23. Qf3 Rb8 24. Bc6 Qc8 25. Nb3 Bc4 26. Nxa5 Bxa2 27. Bd7
Qa6 28. Nc6 Nf5 29. Bxf5 gxf5 30. Nxe7+ Kh8 31. Nxf5 1-0

[Event "ÐŸÐµÑ€Ð²ÐµÐ½Ñ�Ñ‚Ð²Ð¾ ÐœÐ¾Ñ�ÐºÐ²Ñ‹ Ð¿Ð¾ Ñ"]
[Site "ÐœÐ¾Ñ�ÐºÐ²Ð°, ÐœÐ“Ð˜ÐœÐž Ð¿Ñ€."]
[Date "2018.11.21"]
[Round "5.4"]
[White "Badzgaradze, Elena"]
[Black "Vyrtosu, Natalia"]
[Result "1/2-1/2"]
[WhiteElo "1789"]
[BlackElo "1894"]
[PlyCount "75"]
[EventDate "2018.11.18"]

1. d4 Nf6 2. c4 e6 3. g3 d5 4. Nf3 dxc4 5. Qa4+ Bd7 6. Qxc4 c5 7. Bg2 Bc6 8.
O-O Nbd7 9. dxc5 Bxc5 10. Nc3 O-O 11. b4 Bd6 12. Bb2 Rc8 13. Qb3 a6 14. Rfd1
Qe7 15. a3 Rfd8 16. Rac1 h6 17. e3 Ne5 18. Nxe5 Bxe5 19. Bxc6 Rxc6 20. Na4 Rxc1
21. Rxc1 Bxb2 22. Qxb2 Ne4 23. Qe5 Ng5 24. Kg2 Rd5 25. Qb8+ Kh7 26. h4 Ne4 27.
Qf4 Nd6 28. Nc3 Rf5 29. Qd4 e5 30. Qd3 e4 31. Qd4 Qe6 32. Rd1 Nb5 33. Nxb5 Rxb5
34. Qd6 Qf5 35. Qf4 Qe6 36. Qd6 Qf5 37. Qf4 Qe6 38. Qd6 1/2-1/2

[Event "ÐŸÐµÑ€Ð²ÐµÐ½Ñ�Ñ‚Ð²Ð¾ ÐœÐ¾Ñ�ÐºÐ²Ñ‹ Ð¿Ð¾ Ñ"]
[Site "ÐœÐ¾Ñ�ÐºÐ²Ð°, ÐœÐ“Ð˜ÐœÐž Ð¿Ñ€."]
[Date "2018.11.21"]
[Round "5.5"]
[White "Aleksandrova, Elizaveta"]
[Black "Zotova, Anastasia"]
[Result "0-1"]
[WhiteElo "1611"]
[BlackElo "2046"]
[PlyCount "58"]
[EventDate "2018.11.18"]

1. e4 c5 2. Nf3 d6 3. d4 cxd4 4. Nxd4 Nf6 5. Nc3 a6 6. Be3 e5 7. Nb3 Be6 8. f3
Be7 9. Qd2 O-O 10. Nd5 Bxd5 11. exd5 Nbd7 12. O-O-O Rc8 13. Kb1 b5 14. g4 Nb6
15. Bxb6 Qxb6 16. g5 Nh5 17. h4 Nf4 18. Bd3 Nxd3 19. Qxd3 Rc4 20. c3 f5 21.
gxf6 Bxf6 22. Nd2 Rxh4 23. Ne4 Rxh1 24. Rxh1 h6 25. Qf1 Qe3 26. Qg2 Be7 27. Rg1
Rf7 28. Qg6 Qxf3 29. Rg3 Qd1# 0-1

[Event "ÐŸÐµÑ€Ð²ÐµÐ½Ñ�Ñ‚Ð²Ð¾ ÐœÐ¾Ñ�ÐºÐ²Ñ‹ Ð¿Ð¾ Ñ"]
[Site "ÐœÐ¾Ñ�ÐºÐ²Ð°, ÐœÐ“Ð˜ÐœÐž Ð¿Ñ€."]
[Date "2018.11.22"]
[Round "6.1"]
[White "Minko, Olga"]
[Black "Zotova, Anastasia"]
[Result "0-1"]
[WhiteElo "1812"]
[BlackElo "2046"]
[PlyCount "74"]
[EventDate "2018.11.18"]

1. e4 c5 2. Nf3 d6 3. d4 cxd4 4. Nxd4 Nf6 5. Nc3 a6 6. Be2 e5 7. Nb3 Be7 8. Be3
Be6 9. Bf3 Nbd7 10. g4 Nb6 11. Bxb6 Qxb6 12. g5 Nd7 13. Qd2 f6 14. h4 fxg5 15.
hxg5 Rf8 16. Bd1 Bxg5 17. Qe2 Bc4 18. Qh5+ g6 19. Qh2 Nf6 20. Qg2 Bf4 21. Ne2
Bxe2 22. Bxe2 a5 23. Qh3 a4 24. Rd1 d5 25. Nd2 Bxd2+ 26. Rxd2 d4 27. f3 Ke7 28.
Qg3 Ra5 29. Qg5 Ke8 30. b3 axb3 31. cxb3 Qc7 32. Bc4 b5 33. b4 bxc4 34. bxa5 c3
35. Rd1 c2 36. Rc1 Nxe4 37. Qg2 Qc3+ 0-1

[Event "ÐŸÐµÑ€Ð²ÐµÐ½Ñ�Ñ‚Ð²Ð¾ ÐœÐ¾Ñ�ÐºÐ²Ñ‹ Ð¿Ð¾ Ñ"]
[Site "ÐœÐ¾Ñ�ÐºÐ²Ð°, ÐœÐ“Ð˜ÐœÐž Ð¿Ñ€."]
[Date "2018.11.22"]
[Round "6.2"]
[White "Vyrtosu, Natalia"]
[Black "Aleksandrova, Elizaveta"]
[Result "1-0"]
[WhiteElo "1894"]
[BlackElo "1611"]
[PlyCount "61"]
[EventDate "2018.11.18"]

1. d4 Nf6 2. c4 g6 3. Nc3 Bg7 4. e4 O-O 5. Be2 d6 6. Be3 e5 7. d5 a5 8. h4 Na6
9. g4 b6 10. f3 Nc5 11. Nh3 Nfd7 12. Nf2 f5 13. gxf5 gxf5 14. exf5 Rxf5 15. Qc2
Rf7 16. O-O-O Nf6 17. Rdg1 Nh5 18. Bg5 Qf8 19. Ng4 Bxg4 20. Rxg4 Nf4 21. Rhg1
Kh8 22. Bd1 Nfd3+ 23. Kb1 e4 24. Nxe4 Nxe4 25. Rxe4 Nxb2 26. Be3 Nxd1 27. Bd4
Be5 28. Rxe5 dxe5 29. Bxe5+ Rf6 30. Qf5 Qb4+ 31. Ka1 1-0